000 01001nam a22002657a 4500
999 _c65076
_d65076
005 20240530110806.0
008 190226s2019 ua ah g b 000 |dara d
017 _a2017/20922
_bمصر. دار الكتب
020 _a9789774953347
040 _aEG-CaGPL
_cEG-CaGPL
082 0 4 _221
_a686.209/
_bإ ط
100 0 _aاسماعيل ابراهيم
245 1 2 _aالطباعة بين الامس واليوم والغد /
_cاسماعيل ابراهيم
260 _aالقاهرة :
_bدار العالم العربى،
_c2019.
300 _a246 ص. :
_bايض ؛
_c24 سم.
490 0 _aاتجاهات حديثة فى الاعلام.
504 _aيشتمل على ارجاعات ببليوجرافية
650 0 7 _2qrmak
_aالطباعة
650 0 7 _2qrmak
_aالادوات الكتابية
650 0 7 _2qrmak
_aالطباعة
_xاجهزة ومعدات
650 0 7 _2qrmak
_aالطباعة
_xتاريخ
651 _2qrmak
942 _2ddc
_cBK